Spanish Common Activity Verbs - Statistics

General Stats
  • This quiz has been taken 60 times
  • The average score is 13 of 21
Answer Stats
Hint Answer % Correct
to talk hablar
97%
to drink beber
94%
to run correr
94%
to use usar
94%
to play (sports) jugar
90%
to read leer
90%
to swim nadar
90%
to open abrir
87%
to sing cantar
87%
to do/make hacer
87%
to watch mirar
71%
to fly volar
65%
to mow/cut cortar
61%
to plant plantar
61%
to ski esquiar
48%
to go shopping ir de compras
29%
to suntan tomar el sol
10%
to rake rastrillar
6%
to go sledding ir al trineo
3%
to shovel palear
0%
to carve tallar
0%
No matching quizzes found
Score Distribution
Percent of People with Each Score
Percentile by Number Answered
Your Score History
You have not taken this quiz